Roar - Katy Perry (All Lyrics) - Statistics

General Stats
  • This quiz has been taken 1,197 times
  • The average score is 257 of 327
Answer Stats
Lyrics % Correct
I
99%
a
98%
me
97%
roar.
96%
Roar,
96%
roar,
96%
roar!
96%
the
96%
you
96%
You
96%
and
95%
hear
93%
gonna
91%
got
90%
tiger,
90%
of
89%
to
88%
you're
88%
You're
88%
eye
87%
my
87%
am
86%
champion,
85%
'cause
83%
'Cause
83%
fire.
81%
but
79%
up.
79%
down,
78%
So
78%
Dancing
77%
used
76%
through
75%
lion.
72%
hold
71%
bite
70%
breath.
70%
Louder,
67%
louder
67%
tongue
67%
had
65%
than
65%
that
65%
voice,
64%
Like
63%
like
63%
Oh...
63%
it
61%
now.
61%
Now
61%
sound.
61%
fighter.
60%
quietly,
60%
I've
59%
held
57%
for
56%
make
56%
enough.
54%
ground.
54%
see
54%
mess.
53%
push
53%
shake
52%
all,
51%
Already
50%
dust.
50%
I'm
50%
Get
49%
off
49%
politely.
49%
ready
47%
sat
47%
Scared
47%
thunder,
47%
everything.
45%
nothing.
45%
breaking
44%
choice.
44%
agreed
43%
boat
43%
point.
43%
rock
43%
let
42%
hero.
41%
brushing
39%
from
39%
past
39%
stood
39%
zero
39%
fell
38%
forgot
38%
own
36%
went
36%
butterfly.
35%
guess
35%
bee,
34%
floatin'
26%
stripes.
24%
earned
23%
Stinging
23%
No matching quizzes found
Score Distribution
Percent of People with Each Score
Percentile by Number Answered
Your Score History
You have not taken this quiz